| 000 | 00673cam a22002172a 4500 | ||
|---|---|---|---|
| 001 | 014918 | ||
| 003 | AR-FADEU | ||
| 008 | 311216n1989####xxu####################dd | ||
| 092 |
_a153.94 _bA625te |
||
| 100 | _aAnstey, Edgar | ||
| 245 | _aTest de dominos : cuaderno de prueba | ||
| 245 | _a | ||
| 260 | _aMéxico | ||
| 260 | _bPaidós | ||
| 260 | _c1989 | ||
| 300 | _a8 p. : il., cuad., tab | ||
| 440 |
_aPsicometría y psicodiagnóstico _n15 |
||
| 500 | _aContiene: Carpeta de instrucciones y evaluación del test de dominos | ||
| 650 | _aPSICOLOGIA; PRUEBAS DE INTELIGENCIA; PRUEBAS PSICOLOGICAS | ||
| 942 | _cBDGR | ||
| 999 |
_c20677 _d20677 |
||